Statistics for Top 15 Countries with Covid-19 Deaths - 6 Feb 2021

Click here to take the quiz!

General Stats

  • This quiz has been taken 10 times
  • The average score is 19 of 24

Answer Stats

country% Correct
Brazil
100%
France
100%
Germany
100%
India
100%
Italy
100%
Mexico
100%
Spain
100%
United Kingdom
100%
United States
100%
Argentina
90%
Colombia
90%
Russia
90%
Belgium
80%
Portugal
80%
Croatia
70%
Czechia
70%
Peru
70%
South Africa
70%
Bosnia and
Herzegovina
60%
Hungary
60%
Iran
50%
North Macedonia
50%
Slovenia
50%
Bulgaria
40%

Score Distribution

Percentile by Number Answered

Percent of People with Each Score

Your Score History

You have not taken this quiz